Selbstzeugnisse und Beiträge über sein Werk /

Main Author: Bobrowski, Johannes, 1917-1965
Language: German
Published: Berlin : Union Verlag, 1967
Physical Description: 252 s.
Book
Saved in:
LEADER 00600nam a22001932a 4500
001 000949313
003 CZ BrMZK
005 20090922092348.0
007 ta
008 090624s1967 gw er|||||||||||ger d
040 |a BOA001  |b cze 
100 1 |a Bobrowski, Johannes,  |d 1917-1965  |7 jn20000700193  |4 aut 
245 1 0 |a Selbstzeugnisse und Beiträge über sein Werk /  |c Johannes Bobrowski 
260 |a Berlin :  |b Union Verlag,  |c 1967 
300 |a 252 s. 
910 |a BOA001  |b 1-0585.644 
990 |a BK 
991 |b 200906 
996 7 |b 2619474483  |c 1-0585.644  |l MZK  |r Sklad / do 1 hodiny  |n 1  |w 000949313  |u 000010  |a 1  |e BOA001  |j MZK50  |s A